<?xml version="1.0" encoding="UTF-8"?>
<record
    xmlns:xsi="http://www.w3.org/2001/XMLSchema-instance"
    xsi:schemaLocation="http://www.loc.gov/MARC21/slim http://www.loc.gov/standards/marcxml/schema/MARC21slim.xsd"
    xmlns="http://www.loc.gov/MARC21/slim">

  <leader>00877 am a2200229 a 4500</leader>
  <controlfield tag="005">20231220133347.0</controlfield>
  <controlfield tag="008">101006s2000||||ag d   f |||| 000 0 spa d</controlfield>
  <datafield tag="020" ind1=" " ind2=" ">
    <subfield code="a">9879823702</subfield>
  </datafield>
  <datafield tag="041" ind1=" " ind2=" ">
    <subfield code="a">spa</subfield>
  </datafield>
  <datafield tag="092" ind1=" " ind2=" ">
    <subfield code="c">610.7</subfield>
    <subfield code="l">2</subfield>
    <subfield code="s">AFA</subfield>
  </datafield>
  <datafield tag="110" ind1="1" ind2=" ">
    <subfield code="a">AFACIMERA.</subfield>
    <subfield code="9">1378</subfield>
  </datafield>
  <datafield tag="245" ind1=" " ind2=" ">
    <subfield code="a">Formaci&#xF3;n de formadores. Metodolog&#xED;a docente en Ciencias de la Salud. </subfield>
    <subfield code="b">T.1 Los procesos de ense&#xF1;ar y aprender /</subfield>
    <subfield code="c">AFACIMERA.</subfield>
  </datafield>
  <datafield tag="250" ind1=" " ind2=" ">
    <subfield code="a">1a ed.</subfield>
  </datafield>
  <datafield tag="260" ind1=" " ind2=" ">
    <subfield code="a">Buenos Aires: </subfield>
    <subfield code="b">AFACIMERA;</subfield>
    <subfield code="c">2000.</subfield>
  </datafield>
  <datafield tag="300" ind1=" " ind2=" ">
    <subfield code="a">68 p.</subfield>
  </datafield>
  <datafield tag="500" ind1=" " ind2=" ">
    <subfield code="a">AFACIMERA. (2000). Formaci&#xF3;n de formadores. Metodolog&#xED;a docente en Ciencias de la Salud. T.1 Los procesos de ense&#xF1;ar y aprender. (1a ed.) Buenos Aires : AFACIMERA.</subfield>
  </datafield>
  <datafield tag="590" ind1=" " ind2=" ">
    <subfield code="a">AFACIMERA: Asociaci&#xF3;n de Facultades de Ciencias Medicas de la Republica Argentina.</subfield>
  </datafield>
  <datafield tag="653" ind1=" " ind2=" ">
    <subfield code="a">Ciencias Medicas</subfield>
  </datafield>
  <datafield tag="653" ind1=" " ind2=" ">
    <subfield code="a">Formaci&#xF3;n docente</subfield>
  </datafield>
  <datafield tag="930" ind1=" " ind2=" ">
    <subfield code="a">340</subfield>
  </datafield>
  <datafield tag="942" ind1=" " ind2=" ">
    <subfield code="2">ddc</subfield>
    <subfield code="c">BK</subfield>
  </datafield>
  <datafield tag="999" ind1=" " ind2=" ">
    <subfield code="c">790</subfield>
    <subfield code="d">790</subfield>
  </datafield>
  <datafield tag="952" ind1=" " ind2=" ">
    <subfield code="0">0</subfield>
    <subfield code="1">0</subfield>
    <subfield code="4">0</subfield>
    <subfield code="7">0</subfield>
    <subfield code="a">BFM</subfield>
    <subfield code="b">BFM</subfield>
    <subfield code="c">CR</subfield>
    <subfield code="d">2011-05-13</subfield>
    <subfield code="l">0</subfield>
    <subfield code="o">610.7 2 AFA</subfield>
    <subfield code="p">340</subfield>
    <subfield code="r">2014-11-06</subfield>
    <subfield code="t">ej.1</subfield>
    <subfield code="w">2011-05-13</subfield>
    <subfield code="y">BK</subfield>
  </datafield>
</record>
